| Tag |
First Indicator |
Second Indicator |
Subfields |
| LEADER |
00000cam a2200000Ia 4500 |
| 001 |
in00001684913 |
| 005 |
20151024141819.0 |
| 008 |
020517s2002 nyu 000 1 eng d |
| 020 |
|
|
|a 0060175699
|
| 035 |
|
|
|a (OCoLC)ocm49808440
|
| 040 |
|
|
|a LPU
|c LPU
|d OCLCQ
|d SLC
|d TXA
|d UtOrBLW
|
| 049 |
|
|
|a TXAM
|
| 090 |
|
|
|a PS3558.I376
|b S55 2002
|
| 100 |
1 |
|
|a Hijuelos, Oscar.
|
| 245 |
1 |
2 |
|a A simple habana melody (from when the world was good) :
|b a novel /
|c Oscar Hijuelos.
|
| 250 |
|
|
|a 1st ed.
|
| 264 |
|
1 |
|a New York :
|b HarperCollins Publishers,
|c [2002]
|
| 264 |
|
4 |
|c ©2002
|
| 300 |
|
|
|a 342 pages ;
|c 24 cm.
|
| 336 |
|
|
|a text
|b txt
|2 rdacontent
|
| 337 |
|
|
|a unmediated
|b n
|2 rdamedia
|
| 338 |
|
|
|a volume
|b nc
|2 rdacarrier
|
| 651 |
|
0 |
|a Cuba
|v Fiction.
|
| 994 |
|
|
|a E0
|b TXA
|
| 948 |
|
|
|a cataloged
|b h
|c 2002/7/19
|d c
|e jlanham
|f 1:44:58 pm
|
| 999 |
|
|
|a MARS
|
| 999 |
f |
f |
|s 827dee9c-36ed-3546-aa1c-e9e53f96f242
|i 7d54abed-a884-36df-ac54-7ae4f0419ebc
|t 0
|
| 952 |
f |
f |
|p ric
|a Texas A&M University
|b Rellis Campus
|c Joint Library Facility
|d Remote Storage
|t 0
|e PS3558.I376 S55 2002
|h Library of Congress classification
|i unmediated -- volume
|m A14829223096
|
| 998 |
f |
f |
|a PS3558.I376 S55 2002
|t 0
|l Remote Storage
|